<?xml version="1.0" encoding="UTF-8"?>
<collection xmlns="http://www.loc.gov/MARC21/slim">
<record>
  <controlfield tag="001">7578</controlfield>
  <controlfield tag="005">20250408214523.0</controlfield>
  <datafield tag="037" ind1=" " ind2=" ">
    <subfield code="a">RADIOTV-2025-0022</subfield>
  </datafield>
  <datafield tag="100" ind1=" " ind2=" ">
    <subfield code="a">Van Noten, Koen</subfield>
  </datafield>
  <datafield tag="245" ind1=" " ind2=" ">
    <subfield code="a">Duiding bij de 28 maart 2025 Mw7,7 aardbeving te Myanmar</subfield>
  </datafield>
  <datafield tag="260" ind1=" " ind2=" ">
    <subfield code="c">2025</subfield>
  </datafield>
  <datafield tag="269" ind1=" " ind2=" ">
    <subfield code="c">2025-03-28</subfield>
  </datafield>
  <datafield tag="594" ind1=" " ind2=" ">
    <subfield code="a">NO</subfield>
  </datafield>
  <datafield tag="653" ind1="1" ind2=" ">
    <subfield code="a">Aardbeving</subfield>
  </datafield>
  <datafield tag="653" ind1="1" ind2=" ">
    <subfield code="a">platentektoniek</subfield>
  </datafield>
  <datafield tag="773" ind1=" " ind2=" ">
    <subfield code="t">19u journaal VRT Nieuws</subfield>
  </datafield>
  <datafield tag="856" ind1="0" ind2=" ">
    <subfield code="f">koen.vannoten@ksb-orb.be</subfield>
  </datafield>
  <datafield tag="856" ind1="4" ind2=" ">
    <subfield code="s">45324836</subfield>
    <subfield code="u">http://publi2-as.oma.be/record/7578/files/VRT_NWS_20250328_Myanmar.mp4</subfield>
  </datafield>
  <datafield tag="856" ind1="4" ind2="2">
    <subfield code="a">https://publi2-as.oma.be/record/7578/files/VRT_NWS_20250328_Myanmar.mp4</subfield>
  </datafield>
  <datafield tag="980" ind1=" " ind2=" ">
    <subfield code="a">RADIOTV</subfield>
  </datafield>
</record>
</collection>